000 01174nam a2200301Ia 4500
001 ebr10356773
003 CaPaEBR
006 m u
007 cr cn|||||||||
008 090612s2009 coua sb s001 0 eng d
010 _z 2009023097
020 _z9780870819612 (pbk. : alk. paper)
040 _aCaPaEBR
_cCaPaEBR
035 _a(OCoLC)558840912
050 1 4 _aQB638.8
_b.A94 2009eb
082 0 4 _a001.9
_222
100 1 _aAveni, Anthony F.
245 1 4 _aThe end of time
_h[electronic resource] :
_bthe Maya mystery of 2012 /
_cAnthony Aveni.
260 _aBoulder, Colo. :
_bUniversity Press of Colorado,
_cc2009.
300 _axix, 190 p. :
_bill.
504 _aIncludes bibliographical references and index.
533 _aElectronic reproduction.
_bPalo Alto, Calif. :
_cebrary,
_d2010.
_nAvailable via World Wide Web.
_nAccess may be limited to ebrary affiliated libraries.
650 0 _aEnd of the world (Astronomy)
650 0 _aMaya calendar.
655 7 _aElectronic books.
_2local
710 2 _aebrary, Inc.
856 4 0 _uhttp://site.ebrary.com/lib/rucke/Doc?id=10356773
_zAn electronic book accessible through the World Wide Web; click to view
999 _c108024
_d108024